|
|
|
|
| LEADER |
02223nam a2200469 i 4500 |
| 001 |
EBC5325533 |
| 003 |
MiAaPQ |
| 005 |
20200520144314.0 |
| 006 |
m o d | |
| 007 |
cr cnu|||||||| |
| 008 |
180410t20182018gw a ob 000 0 eng d |
| 020 |
|
|
|z 9783737604420
|
| 020 |
|
|
|a 9783737604437 (e-book)
|
| 035 |
|
|
|a (MiAaPQ)EBC5325533
|
| 035 |
|
|
|a (Au-PeEL)EBL5325533
|
| 035 |
|
|
|a (CaPaEBR)ebr11532283
|
| 035 |
|
|
|a (OCoLC)1030038659
|
| 040 |
|
|
|a MiAaPQ
|b eng
|e rda
|e pn
|c MiAaPQ
|d MiAaPQ
|
| 041 |
|
|
|a eng
|a ger
|
| 043 |
|
|
|a f-tz---
|
| 050 |
|
4 |
|a NA4100
|b .C446 2018
|
| 082 |
0 |
|
|a 691
|2 23
|
| 100 |
1 |
|
|a Chengula, Duwa Hamisi,
|e author.
|
| 245 |
1 |
0 |
|a Improving cementitious properties of blended pozzolan based materials for construction of low cost buildings in Mbeya Region, Tanzania /
|c Duwa Hamisi Chengula.
|
| 264 |
|
1 |
|a Kassel, [Germany] :
|b Kassel University Press,
|c 2018.
|
| 264 |
|
4 |
|c 2018
|
| 300 |
|
|
|a 1 online resource (226 pages) :
|b illustrations.
|
| 336 |
|
|
|a text
|2 rdacontent
|
| 337 |
|
|
|a computer
|2 rdamedia
|
| 338 |
|
|
|a online resource
|2 rdacarrier
|
| 490 |
1 |
|
|a Schriftenreihe Baustoffe und Massivbau = Structural Materials and Engineering Series ;
|v Heft 29 = Number 29
|
| 504 |
|
|
|a Includes bibliographical references.
|
| 546 |
|
|
|a In English and German languages.
|
| 588 |
|
|
|a Description based on online resource; title from PDF title page (EBC, viewed April 10, 2018).
|
| 590 |
|
|
|a Electronic reproduction. Ann Arbor, MI : ProQuest, 2018. Available via World Wide Web. Access may be limited to ProQuest affiliated libraries.
|
| 650 |
|
0 |
|a Building materials.
|
| 650 |
|
0 |
|a Building materials
|z Tanzania.
|
| 655 |
|
4 |
|a Electronic books.
|
| 776 |
0 |
8 |
|i Print version:
|a Chengula, Duwa Hamisi.
|t Improving cementitious properties of blended pozzolan based materials for construction of low cost buildings in Mbeya Region, Tanzania.
|d Kassel, [Germany] : Kassel University Press, c2018
|h approximately 203 pages
|k Schriftenreihe Baustoffe und Massivbau ; Heft 29.
|z 9783737604420
|
| 797 |
2 |
|
|a ProQuest (Firm)
|
| 830 |
|
0 |
|a Schriftenreihe Baustoffe und Massivbau ;
|v Heft 29.
|
| 856 |
4 |
0 |
|u https://ebookcentral.proquest.com/lib/matrademy/detail.action?docID=5325533
|z Click to View
|